• 首页
  • 本馆介绍
  • 公告通知
  • 最新文献
  • 馆藏检索
  • 电子资源
  • 读者导购
  • 参考咨询
  • 我的图书馆
  • 登录
  • 详细信息显示
  • 放入我的书架
  • 预约/预借图书
  • 作者相关作品
  • 分类相关作品
  • 丛书相关作品
  • 出版社相关作品

书目信息

  • 表格格式
  • 工作单格式
  • 卡片格式
题名:
瑜伽解剖学
    
 
作者: 卡米诺夫 著 ;埃利斯 , 王启荣 , 刘晔 插图
分册:  
出版信息: 北京   人民体育出版社  2009
页数: 214页
开本: 26cm
丛书名:
单 册:
中图分类: R214-64
科图分类:
主题词: 瑜伽--图解 , 瑜伽
电子资源:
ISBN: 978-7-5009-3594-0
000 01218nam0 2200289 45
001 1538995128
005 20150706105020.14
010    @a978-7-5009-3594-0@dCNY48.00
100    @a20110122d2009 em y0chiy50 ea
101 1  @achi@ceng
102    @aCN@b110000
105    @aa z 001yy
200 1  @a瑜伽解剖学@AYu Jia Jie Pou Xue@f(美) 莱斯利·卡米诺夫(Leslie Kaminoff)著@F( Mei ) Lai Si Li· Ka Mi Nuo Fu (Leslie Kaminoff) Zhu@g沙伦·埃利斯插图@g王启荣,刘晔译
210    @a北京@c人民体育出版社@d2009
215    @a214页@c图,照片@d26cm
312    @a版权页英文题名:Yoga anatomy
330    @a本书对所有最基本的瑜伽体式进行了描述,并且对瑜伽的每一个基础动作的结构和原理,以及瑜伽本身给出了深入的领会和理解,从呼吸到站立姿势,你可以看到每一束肌肉是怎样被利用的,一个姿势的细微变化是怎样增强或减弱练习效率的,同时从根本上可以看到脊柱、呼吸和身体姿势是如何相关联的。
510 1  @aYoga anatomy@zeng
606 0  @a瑜伽@j图解
606 0  @a瑜伽
690    @aR214-64@v4
701  1 @a卡米诺夫@AKa Mi Nuo Fu@g(Kaminoff, Leslie)@4著
702  1 @a埃利斯@AAi Li Si@g(Ellis, Shron)@4插图
702  0 @a王启荣@AWang Qi Rong@4译
702  0 @a刘晔@ALiu Ye@4译
801  0 @aCN@bTANGWEI@c20110310
905    @dR214-64@et5
    
    瑜伽解剖学/(美) 莱斯利·卡米诺夫(Leslie Kaminoff)著/沙伦·埃利斯插图/王启荣,刘晔译.-北京:人民体育出版社,2009
    214页:图,照片;26cm
    
    
    ISBN 978-7-5009-3594-0:CNY48.00
    本书对所有最基本的瑜伽体式进行了描述,并且对瑜伽的每一个基础动作的结构和原理,以及瑜伽本身给出了深入的领会和理解,从呼吸到站立姿势,你可以看到每一束肌肉是怎样被利用的,一个姿势的细微变化是怎样增强或减弱练习效率的,同时从根本上可以看到脊柱、呼吸和身体姿势是如何相关联的。
●
相关链接 在E读中查询图书 在五车中查询图书 在当当中查询图书 在豆瓣中查询图书


正题名:瑜伽解剖学     索取号:R214-64/t5         预约/预借

序号 登录号 条形码 馆藏地/架位号 状态 备注
1 6940396   269403969   密集书库-体育系/ [索取号:R214-64/t5] 在馆    
唐山师范学院图书馆 欢迎您!
大连网信软件有限公司© 版权所有